000 00636nam a2200193Ia 4500
003 GCL
008 140319s9999 xx 000 0 ara d
040 _aGCL /
_cGCL
082 0 4 _a813.03
_bب ا
100 1 _aبهية بوسبيت
245 1 0 _aامرأة على فوهة بركان (رواية) /
_cبهية بوسبيت
300 _a104 ص
490 _aالهيئة العامة للاستعلامات
_v0
650 0 4 _aالادب العربى
650 0 4 _aالقصص العربية
650 0 4 _aالادب العربى - العصر الحديث
650 0 4 _aالقصص العربية- السعودية
942 _2ddc
_cBK
999 _c47753
_d47753